| 000 | 00975nam a2200301Ia 4500 | ||
|---|---|---|---|
| 001 | Z_1046 | ||
| 003 | CHAP | ||
| 008 | 220113s1991 xx 000 0 und d | ||
| 010 | _a164126 | ||
| 040 | _cCHAP | ||
| 090 | _aTesis L 713 | ||
| 100 |
_aLicona Vargas, José _966713 |
||
| 245 |
_aDeterminación de la cantidad y momento de aplicación en el ciclo estral de una dósis luteolitica de oxitocina en un hato de bovinos lecheros / _cpor José Licona Vargas |
||
| 260 |
_aChapingo, Méx. : _bEl autor, _c1991 |
||
| 300 | _a45 h | ||
| 502 | _aTesis (Ing. Agr. Esp. en Zootecnia) -- UACH. Departamento de Zootecnia | ||
| 650 |
_aCiclo estrual _923072 |
||
| 650 |
_aGanado Holstein _945133 |
||
| 650 |
_aGanado lechero _xFecundidad _945264 |
||
| 650 |
_aGanado vacuno _xFecundidad _945466 |
||
| 650 |
_aHormonas _xEfecto en animales domésticos _956236 |
||
| 901 | _aTESIS L 713 | ||
| 902 | _aM | ||
| 910 | _a1991 | ||
| 942 | _c2 | ||
| 942 | _c2 | ||
| 999 |
_c164126 _d164126 |
||